Narendra Modi: (Record no. 47523)
[ view plain ]
| 000 -LEADER | |
|---|---|
| fixed length control field | 00597nam a22001937a 4500 |
| 008 - FIXED-LENGTH DATA ELEMENTS--GENERAL INFORMATION | |
| fixed length control field | 230627b |||||||| |||| 00| 0 eng d |
| 020 ## - INTERNATIONAL STANDARD BOOK NUMBER | |
| International Standard Book Number | 978-0992780968 |
| 040 ## - CATALOGING SOURCE | |
| Original cataloging agency | National Science Library |
| Transcribing agency | National Science Library |
| 080 ## - UNIVERSAL DECIMAL CLASSIFICATION NUMBER | |
| Universal Decimal Classification number | 92:32AGG |
| Item number | Q8,1 |
| 100 ## - MAIN ENTRY--PERSONAL NAME | |
| Personal name | Aggarwala, Adish C |
| 9 (RLIN) | 12331 |
| 245 ## - TITLE STATEMENT | |
| Title | Narendra Modi: |
| Remainder of title | A charismatic & visionary statesman |
| 250 ## - EDITION STATEMENT | |
| Edition statement | 2nd ed. |
| 260 ## - PUBLICATION, DISTRIBUTION, ETC. | |
| Place of publication, distribution, etc. | London: |
| Name of publisher, distributor, etc. | U.K. Publishers & Distributors Ltd., |
| Date of publication, distribution, etc. | 2018 |
| 300 ## - PHYSICAL DESCRIPTION | |
| Extent | xviii, 654p. |
| 650 ## - SUBJECT ADDED ENTRY--TOPICAL TERM | |
| Topical term or geographic name entry element | Biography |
| 653 ## - INDEX TERM--UNCONTROLLED | |
| Uncontrolled term | Politics |
| 700 ## - ADDED ENTRY--PERSONAL NAME | |
| Personal name | Marchington, Sarah J (Ed.) |
| 942 ## - ADDED ENTRY ELEMENTS (KOHA) | |
| Source of classification or shelving scheme | Universal Decimal Classification |
| Koha item type | Reference |
| Withdrawn status | Lost status | Source of classification or shelving scheme | Damaged status | Not for loan | Home library | Current library | Shelving location | Date acquired | Total Checkouts | Full call number | Barcode | Date last seen | Price effective from | Koha item type |
|---|---|---|---|---|---|---|---|---|---|---|---|---|---|---|
| Universal Decimal Classification | National Science Library | National Science Library | GF/REF-1/C-5 | 05/09/2019 | 92:32AGG Q8 | 254687 | 27/06/2023 | 05/09/2019 | Reference | |||||
| Universal Decimal Classification | National Science Library | National Science Library | GF/REF-1/C-5 | 05/09/2019 | 92:32AGG Q8 | 254686 | 05/07/2023 | 05/09/2019 | Reference |